| 000 | 00506nam a22001817a 4500 | ||
|---|---|---|---|
| 005 | 20250721163829.0 | ||
| 008 | 250721b |||||||| |||| 00| 0 eng d | ||
| 020 | _a978-1-4080-4421 | ||
| 100 | _aSTAIR RALPH | ||
| 245 | _aFUNDAMENTALS OF BUSINESS INFORMATION SYSTEMS | ||
| 250 | _a2ND ED. | ||
| 260 |
_aLONDON _bCENGAGE _c2012 |
||
| 300 | _aXXIII,406P. | ||
| 500 | _aINCLUDES AN INDEX | ||
| 650 | _aMANAGEMENT INFORMATION SYSTEMS | ||
| 700 | _aGEORGE REYNOLDS AND THOMAS CHESNEY | ||
| 942 |
_2lcc _cBK |
||
| 999 |
_c215951 _d215951 |
||